NBA: Top 50 Active Players: Free Throw Percentage - Statistics

General Stats
  • This quiz has been taken 70 times
    8 since last reset
  • The average score is 25 of 50
Answer Stats
# Player FT% % Correct
13 Shai Gilgeous-Alexander 86.44%
100%
1 Stephen Curry 91.20%
100%
45 Anthony Edwards 80.23%
83%
25 Jayson Tatum 83.95%
83%
20 Jimmy Butler 84.44%
83%
24 Karl-Anthony Towns 83.97%
83%
37 Nikola Jokić 82.46%
83%
22 DeMar DeRozan 84.33%
67%
17 Derrick White 85.91%
67%
21 Donovan Mitchell 84.37%
67%
7 Jamal Murray 87.36%
67%
15 James Harden 86.25%
67%
44 Jeff Green 80.43%
67%
30 Kristaps Porziņģis 83.01%
67%
19 Paul George 85.20%
67%
10 Trae Young 87.21%
67%
28 Zach LaVine 83.52%
67%
12 Austin Reaves 86.49%
50%
39 Bradley Beal 82.13%
50%
47 CJ McCollum 79.61%
50%
2 Damian Lillard 89.90%
50%
8 Devin Booker 87.33%
50%
42 Harrison Barnes 81.05%
50%
34 Jalen Brunson 82.65%
50%
31 Joel Embiid 82.97%
50%
4 Kevin Durant 88.17%
50%
5 Khris Middleton 87.82%
50%
18 Klay Thompson 85.75%
50%
3 Kyrie Irving 88.78%
50%
11 Lauri Markkanen 87.12%
50%
35 Mike Conley 82.61%
50%
38 Norman Powell 82.43%
50%
46 Brook Lopez 79.66%
33%
50 D'Angelo Russell 79.32%
33%
27 Dennis Schröder 83.59%
33%
43 Eric Gordon 80.95%
33%
32 Jordan Clarkson 82.92%
33%
14 Kawhi Leonard 86.32%
33%
36 Kentavious Caldwell-Pope 82.61%
33%
33 Kevin Love 82.83%
33%
40 Kyle Lowry 81.53%
33%
29 Nicolas Batum 83.14%
33%
26 Tobias Harris 83.78%
33%
9 Tyrese Maxey 87.29%
33%
23 Collin Sexton 84.05%
17%
16 Fred VanVleet 86.25%
17%
49 Jaren Jackson Jr. 79.32%
17%
6 Jordan Poole 87.75%
17%
41 Tim Hardaway Jr. 81.47%
17%
48 Kelly Olynyk 79.44%
0%
No matching quizzes found
Score Distribution
Percent of People with Each Score
Percentile by Number Answered
Your Score History
You have not taken this quiz since the last reset